Vytvorenie webovej aplikácie pre IT študentov hľadajúcich prax a zamestnanie

Guardado en:
Detalles Bibliográficos
Autor principal: Gehrer, Richard (Autor)
Otros Autores: Stašová, Oľga (Orientador)
Formato: Manuscrito Libro
Lenguaje:eslovaco
Publicado: Bratislava : STU v Bratislave FEI, 2024
Materias:
Acceso en línea:https://opac.crzp.sk/?fn=detailBiblioFormChildIDO83&sid=DDCD2C6FBCAD481F284EC2B200E4&seo=CRZP-detail-kniha
Etiquetas: Agregar Etiqueta
Sin Etiquetas, Sea el primero en etiquetar este registro!

MARC

LEADER 00000ntm a22000003a 4500
001 stuzp92796
003 SK-STU
005 20250403122954.5
007 ta
008 150427s2015----xo-----f-mn---000-0-slo-d
040 |a STU  |b slo 
041 0 |a slo 
044 |a xo 
100 1 |a Gehrer, Richard  |u 035000  |4 aut  |U FEI Fakulta elektrotechniky a informatiky  |T FEI Ústav informatiky a matematiky  |X 96860  |U E050  |Y 816  |7 96860 
242 0 1 |a Creating a web application for IT students looking for work experience and jobs  |y eng 
245 1 0 |a Vytvorenie webovej aplikácie pre IT študentov hľadajúcich prax a zamestnanie 
260 |a Bratislava :  |b STU v Bratislave FEI,  |c 2024 
300 |a 63 s. 
650 4 |a Webová aplikácia  |2 slo 
650 4 |a študenti IT  |2 slo 
650 4 |a stáž  |2 slo 
650 4 |a IT students  |2 eng 
650 4 |a Web application  |2 eng 
650 4 |a internship  |2 eng 
700 1 |a Stašová, Oľga  |u 035000  |k Z1  |4 ths  |U FEI Fakulta elektrotechniky a informatiky  |T FEI Ústav informatiky a matematiky  |X 3695  |U E050  |Y 816  |7 A000003695 
856 4 |u https://opac.crzp.sk/?fn=detailBiblioFormChildIDO83&sid=DDCD2C6FBCAD481F284EC2B200E4&seo=CRZP-detail-kniha